Statistiques concernant Palmarès D1 Espagnole

Cliquez ici pour prendre le quiz!

Statistiques générales

  • Ce quiz a été pris 49 fois
  • Le résultat moyen est 83 sur 91

Statistiques - réponses

HintRéponse% Correct
1929 | 1945 | 1948 | +23 othersFC Barcelone
100%
1932 | 1933 | 1954 | +30 othersReal Madrid
100%
1940 | 1941Atlético Aviación
96%
1950 | 1951 | 1966 | +5 othersAtlético Madrid
96%
1942 | 1944 | 1947 | +3 othersValence CF
94%
1946Séville CF
75%
1935Betis Séville
65%
2000Deportivo La Corogne
65%
1981 | 1982Real Sociedad
60%
1930 | 1931 | 1934 | +5 othersAthletic Bilbao
56%
1937 | 1938 | 1939N.A
27%

Distribution des résultats

Percentile par nombre de réponses

% des personnes avec chaque résultat

Votre développement - résultats

Vous n’avez pas pris ce quiz